000 00806nam a2200253Ia 4500
003 OSt
005 20220918221350.0
006 a|||||r|||| 00| 0
007 ta
008 220917b |||||||| |||| 00| 0 eng d
024 _a149,552
037 _cTextual
040 _aARTS
_cARTS
_beng
041 _2eng
_aeng
082 _aT15.687y7, L0 (906)
100 _aAnderson John
_981011
245 0 _aStruggle for the school
_b the interaction of missionary, colonial governemtn and nationalist enterprise in the development of formal education in Kenya
260 _aLondon
_bLongman
_c1970
300 _a192p. illus
_ccm.
500 _aApp 168-790p; Bib 171-84p
650 _aEDUCATION
942 _hT15.687y7, L0 (906)
_cTEXL
_2CC
999 _c272218
_d272218